000 00548nam a2200181Ia 4500
003 GCL
008 140319s9999 xx 000 0 ara d
040 _aGCL /
_cGCL
082 0 4 _a811.9569
_bح ش
100 1 _aحسنى محمود
245 1 0 _aشعر المقاومة الفلسطينية: دوره وواقعه /
_cحسنى محمود
300 _aمتعدد
490 _aسلسلة الدراسات
_v0
650 0 4 _aالادب العربى
650 0 4 _aالادب
650 0 4 _aالشعر العربى - فلسطين
942 _2ddc
_cBK
999 _c48389
_d48389